000 nam a22 7a 4500
999 _c8879
_d8879
008 180120b ||||| |||| 00| 0 eng d
100 _aSharma D. K
_95198
245 _aABC of Science
260 _aNew Delhi
_bHoly faith Publication
_c2007